00887nam a2200193Ia 4500003000900000008004100009020001800050040001600068080002000084100001600104111012700120245029500247260003400542300001300576650004100589650001700630650003200647700001400679IN-BaIIA211028s9999 xx 000 0 eng d a3-540-50699-3 cIIA Library a524(082.2)bMIT aMittter, H. aUniversitatswochen Fur Kernphysik Schladming on Particle Physics and Astrophysics Current View Pointsn27thcAustriad1988 0aParticle physics and astrophysics current view pointsbproceedings of the XXVII Universitatswochen Fur Kernphysik Schladming on particle physics and Astrophysics current view points, held in Austria, February 1988cH. Mittter and F. Widder  aBerlinbSpringer-Verlagc1988 ax, 309p. aAstronomy and Astrophysics Thesaurus aAstrophysics aElementary particle Physics aWidder, F